000 00945nam a22002417a 4500
008 240605b mp ||||| |||| 00| 0 mon d
020 _a978-99962-0-435-7
035 _a25518
040 _aHE0623081
_bmon
_cMN-UlNLM
_dMN-UlNLM
_erda
041 _amon
042 _a59359
084 _2NNA
_a84(0)-44
_bЛ.58
100 _aЛиндгрен А.
245 0 _aПиппи Такатукагийн оронд
264 _aУБ.
_bМонсудар хэвлэлийн газар
_c2022
300 _a170х.
336 _2rdacontent
_atext
_btxt
337 _2rdamedia
_aunmediated
_bn
338 _2rdacarrier
_avolume
_bnc
650 _aХүүхдийн алдарт зохиолч Астрид Линдгрений охин Карен долоон настайдаа хэвтэн эмчлүүлэх шаардлагатай болж , уйдахдаа ээжээсээ " У...
942 _2NNA
_cBK
999 _c895204
_d895261